000
00250nam a2200085Ia 4500
245
0
_a
Voices of liberation
100
_a
First, Ruth, Cape Town, South Africa, [c.2012] new ed.
_9
85972
942
_c
BK
008
210817s9999 xx 000 0 und d
999
_c
324478
_d
324477